书目信息 |
| 题名: |
因为好
|
|
| 作者: | 朱叶青 著 | |
| 分册: | ||
| 出版信息: | 济南 山东人民出版社 2006.01 |
|
| 页数: | 138页 | |
| 开本: | 21cm | |
| 丛书名: | ||
| 单 册: | ||
| 中图分类: | B821-49 | |
| 科图分类: | ||
| 主题词: | 人生哲学--ren sheng zhe xue--通俗读物 | |
| 电子资源: | ||
| ISBN: | 7-209-03906-6 | |
| 000 | 00859nam0 2200229 450 | |
| 001 | 012006684423 | |
| 005 | 20060628110845.48 | |
| 010 | @a7-209-03906-6@dCNY24.00 | |
| 100 | @a20060610d2006 km y0chiy0120 ea | |
| 101 | 0 | @achi |
| 102 | @aCN@b370000 | |
| 105 | @aa z 000yy | |
| 200 | 1 | @a因为好@Ayin wei hao@e十三不靠先生的哲学@f朱叶青著@Fzhu ye qing zhu |
| 210 | @a济南@c山东人民出版社@d2006.01 | |
| 215 | @a138页@c图@d21cm | |
| 330 | @a本书包括“错误”、“记忆”、“故乡”、“历史有情论”、“艺术”、“人生都是旧”、”十三不靠”、“我经历了”、“小事”、“读书”、“风骨大旗”、“没文化的禅“等内容。 | |
| 517 | 1 | @a十三不靠先生的哲学@Ashi san bu kao xian sheng de zhe xue |
| 606 | 0 | @a人生哲学@Aren sheng zhe xue@j通俗读物 |
| 690 | @aB821-49@v4 | |
| 701 | 0 | @a朱叶青@Azhu ye qing@4著 |
| 801 | 0 | @aCN@bQSSK@c20060628 |
| 905 | @a10447@dB821-49@eZ895 | |
| 因为好:十三不靠先生的哲学/朱叶青著.-济南:山东人民出版社,2006.01 |
| 138页:图;21cm |
| ISBN 7-209-03906-6:CNY24.00 |
| 本书包括“错误”、“记忆”、“故乡”、“历史有情论”、“艺术”、“人生都是旧”、”十三不靠”、“我经历了”、“小事”、“读书”、“风骨大旗”、“没文化的禅“等内容。 |
| ● |
| 相关链接 |
|
|
|
正题名:因为好
索取号:B821-49/Z895
 
预约/预借
| 序号 | 登录号 | 条形码 | 馆藏地/架位号 | 状态 | 备注 |
| 1 | 581846 | 205818463 | 社科库509/509社科库 28排1列2层/ [索取号:B821-49/Z895] | 在馆 | |
| 2 | 581847 | 205818472 | 社科库509/509社科库 28排1列2层/ [索取号:B821-49/Z895] | 在馆 | |
| 3 | 581848 | 205818481 | 社科库509/509社科库 28排1列2层/ [索取号:B821-49/Z895] | 在馆 |